000 00598nam a2200181Ia 4500
008 100920s9999 xx 000 0 und d
082 _b104124
_a891.43 न 08
100 _aभन्डारी मन्नू.
245 _aएक कहानी यह भी.
260 _bराधाकृष्ण प्रकाशन,दिल्ली.
_c2008
300 _a227
_bसाधी
365 _b250
520 _aहिंदी.
630 _aएक कहानी यह भी.
650 _aहिंदी.
730 _aएक कहानी यह भी.
942 _cBOOK
999 _c744556
_d744553